| 000 | 00574nam a22001817a 4500 | ||
|---|---|---|---|
| 005 | 20240312123023.0 | ||
| 010 | _aENG-139654 | ||
| 020 |
_a9788192682518 _c650.00 |
||
| 035 | _aEN-123186 | ||
| 037 | _bDBAD/PUB | ||
| 082 | _a303.482 | ||
| 245 |
_aBest of India Quarterly (1945-2010) / _cedited by Amitava Tripathi |
||
| 260 |
_aNew Delhi _bIndian Council of World Affairs _c2013 |
||
| 270 |
_aSapru House, Barakhamba Road, _bNew Delhi _e110001 |
||
| 300 |
_axvi,376p. _c22cm(Hb) |
||
| 700 |
_aTripathi,Amitava _963090 |
||
| 942 |
_2ddc _cEN _mIND _h303.482 |
||
| 999 |
_c201408 _d201408 |
||